00716nam a2200217 a 450000100060000000300080000600500170001400800410003103500190007204000350009104100080012608200220013411000700015624500730022625000260029926000590032530000340038450000200041865100260043865100340046464032BD-RjUL20211209081250.0170208s1922 enkaf 001 0 eng d a(BD-RjUL)64162 aBD-RjULcBD-RjULdBD-RjULbeng aeng 223a935bBRG 19222 aBritish Museum.bDepartment of Egyptian and Assyrian Antiquities.12aA guide to the Babylonian and Assyrian antiquities /cBritish Museum a3rd ed. rev. and enl. aLondon :bPrinted by the order of the Trustees,c1922. axiv, 286 p. :bill. ;c21 cm. aIncludes index. 0aAssyriaxAntiquities. 0aIraqzBabyloniaxAntiquities.